00285 a2200121 4500001000700000040003500007100002500042240003800067245003300105300000700138362000900145440000900154154669 cEscola São Tomás de Aquino abeltrão, Cláudia10aOs árabes na idade médialpor10aOs árabes na idade média a630 a2000 1aFTD